Οι σοφοί του Βοναπάρτη
Αποθηκεύτηκε σε:
| Κύριος συγγραφέας: | |
|---|---|
| Άλλοι συγγραφείς: | |
| Μορφή: | Βιβλίο |
| Γλώσσα: | Greek French |
| Δημοσίευση: |
Αθήνα :
Καστανιώτης,
2000.
|
| Σειρά: | Μικρές και μεγάλες περιπέτειες
|
| Θέματα: | |
| Ετικέτες: |
Προσθήκη ετικέτας
Δεν υπάρχουν, Καταχωρήστε ετικέτα πρώτοι!
|
MARC
| LEADER | 00000cam a2200000 i 4500 | ||
|---|---|---|---|
| 001 | 1/12827 | ||
| 008 | 001019s2000 gr | ||| |||| ||gre|| | ||
| 020 | |a 9600326258 | ||
| 035 | |l 10064364 | ||
| 040 | |a GR-MyUA |b gre |e AACR2 | ||
| 041 | 1 | |a gre |h fre | |
| 082 | 0 | |a 932.0072044 | |
| 100 | 1 | |a Sole, Robert. | |
| 245 | 1 | 3 | |a Οι σοφοί του Βοναπάρτη / |c Ρομπέρ Σολέ ; μετάφραση Μαρία-Ελένη Γεωργιάδου. |
| 260 | |a Αθήνα : |b Καστανιώτης, |c 2000. | ||
| 300 | |a 310 σ. | ||
| 490 | 1 | |a (Μικρές και μεγάλες περιπέτειες) | |
| 500 | |a Τίτλος πρωτοτύπου: Les savants de Bonaparte. | ||
| 600 | 0 | 0 | |a Napoleon |b I, |c Emperor of the French, |d 1769-1821. |
| 650 | 0 | 0 | |a Second Coalition, War of the, 1798-1801 |x Campaigns |z Egypt. |
| 650 | 0 | 0 | |a Specialists |z France |x Travel |z Egypt. |
| 650 | 0 | 0 | |a Artists |z France |x Travel |z Egypt. |
| 651 | 0 | |a Egypt |x History |y French occupation, 1798-1801. | |
| 651 | 0 | |a Egypt |x Antiquities. | |
| 700 | 1 | |a Γεωργιάδου, Μαρία-Ελένη, |e trlf | |
| 830 | 0 | |a Μικρές και μεγάλες περιπέτειες | |
| 852 | |a INST |b LESVOS |e 20001019 |h 932.0072044 SOL |p 005100025501 |q 005100025501 |t BK |y 0 | ||
| 901 | |a BIBL1-2000-3 | ||
| 909 | |a Λ |b 080999 | ||
| 970 | |a ΤΖΑΦΕΡΗ |b ΕΥΑΓΓΕΛΙΑ |z 2000/10/19 | ||